000 01484cam a2200133 4500500
005 20251214001916.0
041 _afre
042 _adc
100 1 0 _aPitte, Jean-Robert
_eauthor
245 0 0 _aLa France
260 _bArmand Colin,
_c2009.
520 _aCe livre présente une géographie générale de la France permettant de comprendre la formation du territoire national et son organisation actuelle. L’auteur aborde l’ensemble des facettes de la discipline géographique. Il s’attache à la géographie historique de la France, à sa géographie démographique, à la question des milieux, mais aussi à celle de l’aménagement du territoire. Il explique le système formé par les villes et les voies de communication, l’organisation de l’espace productif français, avant de se pencher sur les espaces vécus des Français, sur la place de la France en Europe et dans le monde, dans une perspective de géographie culturelle et de géopolitique. La nouvelle édition est riche d’un ensemble de documents et de données mis à jour, ainsi que d’une cartographie actualisée permettant de saisir l’unité et la diversité du territoire français. Cet ouvrage est destiné à un public d’étudiants ou d’élèves de classes préparatoires, mais aussi de non-spécialistes, pour lesquels il constitue un outil très utile, clair et synthétique. 
856 4 1 _uhttps://shs.cairn.info/la-france--9782200351892?lang=fr&redirect-ssocas=7080
999 _c1566564
_d1566564